Chemische Elemente - Statistiken

Allgemein
  • Dieses Quiz wurde 1.851 mal gespielt
  • Das Durchschnittsergebnis liegt bei 54 aus 118
Antwortstatistiken
Ordnungszahl Symbol Elementname % Korrekt
2 He Helium
99%
1 H Wasserstoff
98%
12 Mg Magnesium
95%
11 Na Natrium
94%
8 O Sauerstoff
94%
3 Li Lithium
93%
26 Fe Eisen
92%
13 Al Aluminium
91%
6 C Kohlenstoff
90%
17 Cl Chlor
89%
79 Au Gold
88%
7 N Stickstoff
88%
29 Cu Kupfer
85%
47 Ag Silber
85%
19 K Kalium
84%
30 Zn Zink
83%
35 Br Brom
82%
20 Ca Calcium
81%
28 Ni Nickel
81%
16 S Schwefel
81%
9 F Fluor
80%
15 P Phosphor
80%
5 B Bor
79%
10 Ne Neon
79%
18 Ar Argon
78%
54 Xe Xenon
75%
92 U Uran
74%
50 Sn Zinn
73%
22 Ti Titan
72%
82 Pb Blei
69%
25 Mn Mangan
69%
14 Si Silicium
69%
31 Ga Gallium
66%
24 Cr Chrom
65%
53 I Iod
65%
32 Ge Germanium
64%
33 As Arsen
63%
27 Co Cobalt
63%
4 Be Beryllium
62%
34 Se Selen
61%
80 Hg Quecksilber
59%
36 Kr Krypton
56%
56 Ba Barium
54%
86 Rn Radon
53%
99 Es Einsteinium
51%
78 Pt Platin
49%
55 Cs Caesium
48%
88 Ra Radium
48%
74 W Wolfram
47%
37 Rb Rubidium
46%
110 Ds Darmstadtium
44%
94 Pu Plutonium
43%
23 V Vanadium
43%
48 Cd Cadmium
42%
87 Fr Francium
42%
21 Sc Scandium
42%
76 Os Osmium
41%
84 Po Polonium
41%
104 Rf Rutherfordium
41%
49 In Indium
40%
52 Te Tellur
40%
39 Y Yttrium
40%
77 Ir Iridium
39%
38 Sr Strontium
37%
83 Bi Bismut
36%
46 Pd Palladium
36%
42 Mo Molybdän
35%
41 Nb Niob
34%
58 Ce Cer
33%
63 Eu Europium
31%
72 Hf Hafnium
31%
93 Np Neptunium
31%
85 At Astat
30%
98 Cf Californium
30%
45 Rh Rhodium
30%
57 La Lanthan
28%
95 Am Americium
27%
73 Ta Tantal
26%
40 Zr Zirconium
25%
43 Tc Technetium
24%
51 Sb Antimon
23%
96 Cm Curium
22%
108 Hs Hassium
22%
70 Yb Ytterbium
22%
44 Ru Ruthenium
21%
89 Ac Actinium
20%
68 Er Erbium
20%
60 Nd Neodym
20%
102 No Nobelium
20%
81 Tl Thallium
20%
90 Th Thorium
20%
103 Lr Lawrencium
19%
118 Og Oganesson
19%
75 Re Rhenium
19%
67 Ho Holmium
18%
111 Rg Roentgenium
18%
97 Bk Berkelium
16%
107 Bh Bohrium
16%
100 Fm Fermium
16%
109 Mt Meitnerium
16%
101 Md Mendelevium
16%
105 Db Dubnium
15%
71 Lu Lutetium
15%
62 Sm Samarium
15%
116 Lv Livermorium
14%
115 Mc Moscovium
14%
61 Pm Promethium
14%
65 Tb Terbium
14%
106 Sg Seaborgium
13%
64 Gd Gadolinium
12%
113 Nh Nihonium
12%
59 Pr Praseodym
12%
66 Dy Dysprosium
11%
69 Tm Thulium
11%
112 Cn Copernicium
10%
114 Fl Flerovium
8%
91 Pa Protactinium
8%
117 Ts Tennessine
7%
Keine übereinstimmenden Quizze gefunden
Verteilung der Resultate
Anzahl Personen mit jedem Resultat
Perzentil nach korrekt beantworteten Fragen
Ihre Resultats-Entwicklung
Sie haben dieses Quiz noch nicht gespielt